Nations Unies conseil economique et social

Guardado en:
Detalles Bibliográficos
Formato: Libro
Lenguaje:francés
Publicado: Genéve Nations Unies 1980
Etiquetas: Agregar Etiqueta
Sin Etiquetas, Sea el primero en etiquetar este registro!

MARC

LEADER 00000nam a2200000 4500
001 c141419
005 20041019155321.8
041 0 |a fre 
044 |a CH 
245 1 0 |a Nations Unies  |b conseil economique et social 
264 1 |a Genéve  |b Nations Unies  |c 1980 
300 |a Nestr.